书目信息 |
| 题名: |
辞源
|
|
| 作者: | ;商务印书馆编辑部 编 | |
| 分册: | 第二册 | |
| 出版信息: | 上海 商务印书馆 1980.8 |
|
| 页数: | 773-1707页 | |
| 开本: | 26cm | |
| 丛书名: | ||
| 单 册: | ||
| 中图分类: | Z3 | |
| 科图分类: | ||
| 主题词: | 词典 | |
| 电子资源: | ||
| ISBN: | ||
| 000 | 00520nam0 2200193 45 | |
| 001 | 0181015122 | |
| 005 | 20060804083925.12 | |
| 010 | @b精装@dCNY8.50 | |
| 100 | @a20810111d km y0chiy0120 ea | |
| 101 | 0 | @achi |
| 200 | 1 | @a辞源@Aci yuan@h第二册@f商务印书馆编辑部等编@Fshang wu yin shu guan bian ji |
| 205 | @a修订版 | |
| 210 | @a上海@c商务印书馆@d1980.8 | |
| 215 | @a773-1707页@d26cm | |
| 606 | 0 | @a词典 |
| 690 | @aZ3 | |
| 711 | 0 | @a商务印书馆编辑部@4编 |
| 801 | @aCN@bTSTC@c20060804 | |
| 905 | @dZ3@e1:2@f5@b101251-55 | |
| 辞源.第二册/商务印书馆编辑部等编.-修订版.-上海:商务印书馆,1980.8 |
| 773-1707页;26cm |
| ISBN (精装):CNY8.50 |
| ● |
| 相关链接 |
|
|
|
|
正题名:辞源
索取号:Z3/1:2
 
预约/预借
| 序号 | 登录号 | 条形码 | 馆藏地/架位号 | 状态 | 备注 |
| 1 | 0044336 | 202122345 | 密集书库/ [索取号:Z3/1:2] | 在馆 | |
| 2 | 0044337 | 001553553 | 工具书阅览室/ [索取号:Z3/1:2] | 在馆 | |
| 3 | 0044338 | 001553562 | 密集书库/ [索取号:Z3/1:2] | 在馆 | |
| 4 | 0101252 | 001553544 | 工具书阅览室/ [索取号:Z3/1:2] | 在馆 | |
| 5 | 0101253 | 001553606 | 密集书库/ [索取号:Z3/1:2] | 在馆 | |
| 6 | 0101254 | 001553535 | 密集书库/ [索取号:Z3/1:2] | 在馆 | |
| 7 | 0101255 | 001553722 | 第二样本阅览室/ [索取号:Z3/1:2] | 在馆 | |
| 8 | 0420874 | 204208749 | 密集书库/ [索取号:Z3/1:2] | 在馆 | |
| 9 | 0420875 | 204208758 | 密集书库/ [索取号:Z3/1:2] | 在馆 | |
| 10 | 0420876 | 204208767 | 密集书库/ [索取号:Z3/1:2] | 在馆 | |
| 11 | 0439681 | 204396812 | 密集书库/ [索取号:Z3/1:2] | 在馆 |